000 01044nam a22001937a 4500
003 OSt
005 20241111090427.0
008 241106s2023 ag ||||| |||| 00| 0 spa d
020 _a9789874479044
040 _cbesoc
100 1 _aHobsbawm, Eric J.,
_q(Eric John),
_d1917-2012
245 1 3 _aLa era de la Revolución :
_b1798-1848 /
_cEric Hobsbawm ; traducción de Felipe Ximénez de Sandoval
250 _a1a ed. 2a reimp.
260 _aBuenos Aires :
_bCrítica,
_c2023
300 _a340 p.
505 _aPrimera parte. Evoluciones: 1. El mundo en 1780-1790 -- 2. La Revolución industrial -- 3. La Revolución francesa -- 4. La guerra -- 5. La paz -- 6. Las revoluciones -- 7. El nacionalismo -- Segunda parte. Consecuencias: 8. La tierra -- 9. Hacia un mundo industrial -- 10. La carrera abierta hacia el talento -- 11. El trabajador pobre -- 12. Ideología religiosa -- 13. Ideología secular -- 14. Las artes -- 15. La ciencia -- 16. Conclusión: hacia 1848 -- Mapas.-
650 4 _aHistoria
_ySiglo XVIII
_ySiglo XIX
942 _2udc
_cLPD
_n0
999 _c371
_d371